[Event "Ïåðâåíñòâî Ìîñêâû ïî øàõìàòàì 2015 ñðåäè"]
[Site "Moscow"]
[Date "2015.11.20"]
[Round "9.31"]
[White "Èëüþøèí, Òèìîôåé."]
[Black "Êàçàêîâ, Ãëåá."]
[Result "0-1"]
[WhiteElo "1336"]
[BlackElo "1522"]
[PlyCount "94"]
[EventDate "2015.11.12"]

1. d4 d5 2. Nf3 Nf6 3. e3 Bf5 4. c4 e6 5. cxd5 exd5 6. Nc3 c6 7. Bd3 Bxd3 8.
Qxd3 Nbd7 9. O-O Be7 10. Bd2 O-O 11. Rfc1 Nb6 12. b3 Re8 13. a4 Bb4 14. Qc2
Bxc3 15. Bxc3 Ne4 16. Ba5 Qd6 17. Nd2 Nd7 18. Nxe4 Rxe4 19. Re1 Rae8 20. Qc3 b6
21. Bb4 c5 22. dxc5 bxc5 23. Ba3 d4 24. exd4 Qxd4 25. Rxe4 Rxe4 26. Qxd4 Rxd4
27. Kf1 f6 28. Ke2 Kf7 29. Rd1 Rxd1 30. Kxd1 Ke6 31. Kd2 Kd5 32. Ke3 Ne5 33. h3
a5 34. f4 Nc6 35. Bb2 Nd4 36. Bxd4 cxd4+ 37. Kd3 Kc5 38. Ke4 Kb4 39. Kxd4 Kxb3
40. Kd3 Kxa4 41. Kc4 g5 42. fxg5 fxg5 43. g3 h5 44. Kd4 Kb3 45. Ke4 a4 46. Kf5
g4 47. h4 a3 0-1

[Event "Ïåðâåíñòâî Ìîñêâû ïî øàõìàòàì 2015 ñðåäè"]
[Site "Moscow"]
[Date "2015.11.20"]
[Round "9.32"]
[White "Ïåòóõîâ, Íèêèòà."]
[Black "Òðîôèìîâ, Áîðèñ."]
[Result "1-0"]
[WhiteElo "1246"]
[BlackElo "1560"]
[PlyCount "97"]
[EventDate "2015.11.12"]

1. Nf3 d5 2. g3 Nf6 3. Bg2 c6 4. d4 Bf5 5. O-O e6 6. Bg5 Be7 7. Nbd2 Nbd7 8.
Re1 O-O 9. c4 Ne4 10. Bxe7 Qxe7 11. Nxe4 Bxe4 12. cxd5 cxd5 13. Rc1 Rfc8 14.
Qd2 Nb6 15. b3 h6 16. Ne5 Bxg2 17. Kxg2 Nd7 18. Nd3 b6 19. Rc3 Nf6 20. f3 Ne8
21. Rec1 Qd8 22. Ne5 Nd6 23. Ng4 Rxc3 24. Rxc3 Rc8 25. Qc2 Rxc3 26. Qxc3 Qc8
27. Qxc8+ Nxc8 28. Kf2 Nd6 29. Ke3 f6 30. Kd3 Kf7 31. e4 dxe4+ 32. fxe4 b5 33.
a4 bxa4 34. bxa4 Nxe4 35. Kxe4 f5+ 36. Kf4 fxg4 37. Kxg4 g6 38. Kf4 Ke8 39. Ke4
Kf7 40. Ke5 Ke7 41. a5 a6 42. g4 h5 43. g5 h4 44. h3 Kd7 45. d5 exd5 46. Kxd5
Ke7 47. Ke5 Kf7 48. Kd6 Kg7 49. Ke6 1-0

[Event "Ïåðâåíñòâî Ìîñêâû ïî øàõìàòàì 2015 ñðåäè"]
[Site "Moscow"]
[Date "2015.11.20"]
[Round "9.33"]
[White "Àðáóçîâ, Òèìîôåé."]
[Black "Ôåéçóëëèí, Äàíèÿð."]
[Result "1-0"]
[WhiteElo "1701"]
[BlackElo "1419"]
[PlyCount "91"]
[EventDate "2015.11.12"]

1. d4 d5 2. g3 Bf5 3. Bg2 Nf6 4. Nf3 e6 5. O-O Be7 6. c4 c6 7. Nc3 Nbd7 8. Nh4
Bg6 9. Nxg6 hxg6 10. f3 c5 11. cxd5 cxd4 12. dxe6 dxc3 13. exd7+ Qxd7 14. Qxd7+
Nxd7 15. bxc3 Bc5+ 16. e3 O-O-O 17. g4 Ne5 18. Kh1 Rd3 19. Re1 Nc4 20. Bf1 Rxc3
21. Bxc4 Rxc4 22. Re2 Bd6 23. Bb2 Rh3 24. f4 Re4 25. Rae1 Bb4 26. Kg2 Rh4 27.
Rc1+ Kb8 28. Kg3 Rh7 29. Be5+ Rxe5 30. fxe5 f6 31. exf6 gxf6 32. h4 Bd6+ 33.
Kh3 a6 34. e4 Bf4 35. Rf1 Bg5 36. h5 gxh5 37. gxh5 Rxh5+ 38. Kg4 Rh6 39. e5 Ka7
40. e6 Rh8 41. e7 Re8 42. Kf5 Bh4 43. Kg6 f5 44. Kf7 Rxe7+ 45. Rxe7 Bxe7 46.
Kxe7 1-0